000 014050000a22002170004500
001 17620
020 _a0-8024-9699-7
041 0 _aEng.
082 0 4 _aR 220.9 W977w
110 1 _aMoody Bible Institute of Chicago
245 1 0 _aThe Wycliffe historical geography of bible lands / The Moody Bible Institute of Chicago ; Editado por Charles F. Pfeiffer y Howard F. Vos
250 _aCuarta impresión.
260 _aChicago : Moody Press.
300 _a588 p.
500 _aContiene índices y mapas.
505 0 0 _aMesopotamia -- Egipto -- Palestina -- Fenicia -- Siria -- el Irán bíblico -- Chipre -- Asia el menor -- Grecia -- Italia
520 _aFollowing the Biblical narrative from Abraham in Mesopotamia through the establishment of the church in the New Testament, this reference book contains over five hundred illustrations and detailed maps in one extensive volume. Separate chapters study the eleven Bible lands. It is an invaluable reference for all who desire a greater understanding and discovery of the historical, geographical, archaeological, and biblical truths in God's word. \ Invaluable libro de referencia para los que desean un mayor entendimiento y descubrimiento de la historia, geografía, arqueología y las verdades bíblicas de la Palabra de Dios.
650 1 4 _aBIBLIA - GEOGRAFIA \ BIBLIA - HISTORIA \ GEOGRAFIA BIBLICA
700 1 _aVos, Howard F.
942 _cBK
999 _c44274
_d44274